Language Quiz

Random Language Quiz

كلمات الاستفهام Quiz Stats

 Plays Quiz not verified by Sporcle

Challenge
Share
Tweet
Embed
Score 0/13 Timer 05:00
0 Plays Today
باللغة الإنجليزية باللغة العربية % Correct
How?كيف
100%
How many / How much?كم
100%
Why?لماذا
100%
Whose?لمن
100%
What?ما
100%
What?ماذا
100%
When?متى
100%
Who?مَن
50%
Are you? Is this? هل
50%
From where?من أين
50%
Where?أين
50%
With whom?مع مَن
25%
Which?أيُّ
25%

You're not logged in!

Compare scores with friends on all Sporcle quizzes.
Join for Free
OR
Log In

You Might Also Like...

Show Comments

Extras

Created Nov 29, 2011ReportFavoriteNominate

Top Quizzes Today


Score Distribution

Your Account Isn't Verified!

In order to create a playlist on Sporcle, you need to verify the email address you used during registration. Go to your Sporcle Settings to finish the process.

Report this User

Report this user for behavior that violates our Community Guidelines.

Details: